[Event "124th YMCA Summer B"]
[Site "Warszawa"]
[Date "2013.08.30"]
[Round "9"]
[White "Szelejewski, Jan"]
[Black "Potocki, Karol"]
[Result "1/2-1/2"]
[WhiteElo "1836"]
[BlackElo "1876"]
[Annotator "Admin"]
[PlyCount "119"]
[EventDate "2013.07.05"]
[EventType "tourn"]
[EventRounds "2"]
[EventCountry "POL"]
[SourceDate "2013.07.05"]

1. e4 e5 2. Nf3 Nc6 3. Bb5 a6 4. Ba4 Nf6 5. O-O Be7 6. Re1 b5 7. Bb3 d6 8. c3
O-O 9. h3 Nb8 10. d4 Nbd7 11. Nbd2 Bb7 12. Bc2 Re8 13. Nf1 Bf8 14. Ng3 g6 15.
a4 c6 16. Bd3 Qc7 17. Bg5 h6 18. Be3 Bg7 19. Qd2 Kh7 20. Nh4 d5 21. exd5 Nxd5
22. Qc2 Nxe3 23. Rxe3 Nf8 24. Rae1 Kg8 25. Nf3 c5 26. Nxe5 cxd4 27. cxd4 Qxc2
28. Bxc2 Rad8 29. Bb3 Bd5 30. Bxd5 Rxd5 31. Nc6 Rxe3 32. Rxe3 Rd7 33. axb5 axb5
34. Rb3 Ne6 35. Rxb5 Nxd4 36. Rd5 Rxd5 37. Ne7+ Kf8 38. Nxd5 Nb3 39. Nc3 Nd2
40. Nge2 Ke7 41. Nf4 Kd6 42. Nd3 f5 43. Nf4 g5 44. Nfd5 f4 45. h4 Bd4 46. hxg5
hxg5 47. Nb4 Kc5 48. Nc2 Bf6 49. f3 Kc4 50. Ne4 Nxe4 51. fxe4 Bxb2 52. Ne1 g4
53. Kf2 Bc3 54. Nc2 Kb3 55. g3 f3 56. Ne3 Bd4 57. e5 Bxe5 $11 58. Nxg4 Bxg3+
59. Kxg3 f2 60. Kxf2 1/2-1/2

[Event "124th YMCA Summer B"]
[Site "Warszawa"]
[Date "2013.09.05"]
[Round "10"]
[White "Rusin, Ryszard"]
[Black "Lasota, Adam"]
[Result "1/2-1/2"]
[WhiteElo "1898"]
[BlackElo "1913"]
[Annotator "Admin"]
[PlyCount "24"]
[EventDate "2013.07.05"]
[EventType "tourn"]
[EventRounds "2"]
[EventCountry "POL"]
[SourceDate "2013.07.05"]

1. d4 Nf6 2. c4 g6 3. Nc3 d5 4. Nf3 Bg7 5. e3 O-O 6. cxd5 Nxd5 7. Bd2 e6 8. Be2
Nd7 9. O-O N5b6 10. Rc1 c5 11. Ne4 cxd4 12. Nxd4 Nd5 $11 1/2-1/2

[Event "124th YMCA Summer B"]
[Site "Warszawa"]
[Date "2013.09.05"]
[Round "10"]
[White "Melchers, Damian"]
[Black "Szelejewski, Jan"]
[Result "1/2-1/2"]
[WhiteElo "1952"]
[BlackElo "1836"]
[Annotator "Admin"]
[PlyCount "124"]
[EventDate "2013.07.05"]
[EventType "tourn"]
[EventRounds "2"]
[EventCountry "POL"]
[SourceDate "2013.07.05"]

1. Nf3 Nf6 2. g3 g6 3. Bg2 Bg7 4. O-O O-O 5. d3 d6 6. e4 c5 7. Nc3 Nc6 8. a4 a6
9. Bg5 Rb8 10. Qd2 Qc7 11. Bh6 b5 12. Bxg7 Kxg7 13. axb5 axb5 14. Nh4 Nd4 15.
f4 b4 16. Ne2 Nxe2+ 17. Qxe2 e5 18. f5 Bd7 19. h3 Ra8 $11 20. g4 Bc6 21. g5 Nh5
22. f6+ Kg8 23. Qf2 Bd7 24. Nf5 gxf5 25. Qh4 Rxa1 26. Rxa1 f4 27. Qxh5 Kh8 28.
Qh6 Rg8 29. Bf3 Qb8 30. Ra6 Rg6 31. Qh5 Qg8 32. h4 Rxf6 33. Kf2 Rg6 34. Ra7 Be6
35. Ra6 Qb8 36. Bg4 Bxg4 37. Qxg4 Qb7 38. Ra1 f6 39. Qf5 fxg5 40. hxg5 Kg7 41.
Rg1 Qe7 42. Qg4 Qe6 43. Qh5 Kg8 44. Rh1 Qe7 45. Rg1 Qa7 46. Rh1 c4+ 47. Ke1
cxd3 48. cxd3 b3 49. Kd2 Qa5+ 50. Ke2 Qc7 51. Kf3 Qa7 52. Kg4 Qd7+ 53. Kf3 d5
54. exd5 Qxd5+ 55. Ke2 Qd7 56. Ra1 Qb7 57. Rh1 Rc6 58. Qe8+ Kg7 59. Qxe5+ Kg8
60. Qe8+ Kg7 61. Qe5+ Kg8 62. Qe8+ Kg7 1/2-1/2